| 000 | 00505cam a2200205ua 4500 | ||
|---|---|---|---|
| 020 | _c600.00 | ||
| 041 |
_aeng _h |
||
| 082 |
_a575.10724 _bWIL/GE |
||
| 100 | _aWilliams, J . | ||
| 245 |
_aGenetic engineering / _cJ Williams. _hTextual Documents |
||
| 250 |
_a2 / _b. |
||
| 260 |
_aOxford : _bBios Scientific Publishers , _c2001. |
||
| 300 | _a150 ; . | ||
| 365 | _a600.00 | ||
| 504 | _a | ||
| 700 | 1 | _aCeccarelli, A . | |
| 700 | 1 | _aWallace, A . | |
| 942 | _cBK | ||
| 999 |
_c13176 _d13176 |
||